| 000 | 00799nam a2200217 i 4500 | ||
|---|---|---|---|
| 001 | 68952 | ||
| 003 | ES-MaACL | ||
| 005 | 20250717063026.0 | ||
| 007 | t| | ||
| 008 | 040817s1941 sp ||||1| spa d | ||
| 100 | 1 |
_aAznar Zubigaray, Manuel, _d1894-1975 _924321 |
|
| 245 | 1 | 0 |
_aAntecedentes políticos y declaración de guerra / _cpor Manuel Aznar. |
| 260 |
_aMadrid : _bIdea, _c1941. |
||
| 300 |
_aXIX, 354 p., [26] h. de lám., [1] h. de mapa pleg. ; _c27 cm. |
||
| 490 | 1 |
_aHistoria de la Segunda Guerra Mundial ; _v1 |
|
| 650 | 0 | 4 |
_aGuerra mundial, 1939-1945- _xCausas y antecedentes. _913236 |
| 651 | 4 |
_aEuropa- _xHistoria- _y1918-1945. _98609 |
|
| 830 | 0 |
_aHistoria de la Segunda Guerra Mundial ; _v1 _9187548 |
|
| 852 |
_aES-MaACL _jP-925-1 _bR.19328 |
||
| 999 |
_c68952 _d68952 |
||